Aku terima Nikahnya

Bibliographic Details
Main Author: Hasrizal Abdul Jamil (Author)
Format: Book
Language:Malay
Published: Kuala Lumpur : Galeri Ilmu 2008
Subjects:

MARC

LEADER 00000cam a2200000 7i4500
001 0000030710
005 20240910.0
008 240214 my may
020 |a 9789830971896 (paperback) 
040 |a INS   |b eng   |e rda 
090 0 0 |a HQ525.I8   |b .H37 2008 
100 0 |a Hasrizal Abdul Jamil ,   |e author 
245 1 0 |a Aku terima Nikahnya   |c Hasrizal Abdul Jamil 
264 1 |a Kuala Lumpur :   |b Galeri Ilmu   |c 2008 
300 |a 227 pages ;   |c 22 cm. 
336 |a text  |2 rdacontent 
337 |a unmediated  |2 rdamedia 
338 |a volume  |2 rdacarrier 
650 0 |a Domestic relations 
650 0 |a Families   |x Religious aspects   |x Islam 
650 0 |a Marriage   |x Religious aspects   |x Islam 
999 |a 0000025066   |b BOOK   |c Open Shelf   |e Default branch